000 00568nam a2200193Ia 4500
001 20112
003 GE_BSU
008 181216s||||||||xx |||||||||||||| ||und||
040 _cGE_BSU
245 _aВопросы Культурологии, №1. 2017
245 _cГл.ред.Агошков Андрей Валерьевич
260 _aМосква
260 _c2017
300 _a66стр. 26см.
653 _aВопросы Культурологии. №1. 2017
653 _aПериодика
653 _aპერიოდიკა
942 _cCR
999 _c53075
_d53075